000 00858nam a2200217 i 4500
001 178995
003 ES-MaACL
005 20251013204012.0
008 110817s1912 fr |||| | fre d
245 0 0 _aJean-Jacques Rousseau
_b: leçons faites à l'Ecole des Hautes Etudes Sociales / par F. Baldensperger, G. Beaulavon, I. Benrubi... [et al.].
260 _aParis :
_bFélix Alcan,
_c1912.
300 _aXII, 303 p. ;
_c22 cm.
490 1 _aBibliothèque générale des sciences sociales ;
_v43
600 1 4 _aRousseau, Jean-Jacques.
_9100055
700 1 _aBaldensperger, Fernand (
_d1871-1958)
_924881
700 1 _aBeaulavon, Georges,
_d1869-1943
_9147634
700 1 _aBenrubi, Isaak,
_d1876-1943
_9147635
830 0 0 _aBibliothèque générale des sciences sociales
_v43
_9187778
852 _aES-MaACL
_jC-23122
999 _c178995
_d178995